000 00572nam a2200205Ia 4500
003 BUBTL
008 151213s9999 xx 000 0 und d
082 _a342.5492 / H7949c / 2007
100 _aHossain, Dr. MD. Anwar
245 _aThe Constitution of Bangladesh
_cDr. MD. Anwar Hossain
250 _a1st
260 _aDhaka
_bHira Publications
_cc2007
300 _a215 p. :
_c22 cm.
650 _aLaw
650 _aLaw
_94229
700 _aDr. MD. Anwar Hossain
_94230
856 _k0
_l0
_yDownload
942 _2ddc
_cBK
999 _c3130
_d3130